| 000 | 010490000a22002170004500 | ||
|---|---|---|---|
| 020 | _a84-271-1953-4 | ||
| 041 | 0 | _aSPA | |
| 082 | 0 | 4 | _aG 155.4 L872p |
| 100 | 1 | _aLorin, Claude | |
| 245 | 1 | 0 | _aLa psicología del niño y del adolescente : Diccionario práctico / Claude Lorin, Patricia Demachy ; Alvaro Sánchez, Traductor |
| 260 | _aBilbao, España : Mensajero | ||
| 300 | _a327 Pag. | ||
| 500 | _aTítulo original : La psychologie de l´enfant et de l´adolescent | ||
| 505 | 0 | 0 | _atrastornos y problemas psicológicos del niño y del adolescente(diccionario alfabético) -- los diferentes tratamientos -- cuestiones de educación -- cuestiones de ética -- vocabulario de palabras y expresiones utilizadas |
| 650 | 1 | 4 | _aPSICOLOGIA INFANTIL Y DEL ADOLESCENTE - DICCIONARIOS \ PSICOPATOLOGIA INFANTIL Y DEL ADOLESCENTE - DICCIONARIOS \ PSICOTERAPIA INFANTIL Y DEL ADOLESCENTE - DICCIONARIOS |
| 001 | 932 | ||
| 942 | _cBK | ||
| 999 |
_c32331 _d32331 |
||
| 336 |
_atexto _btxt _2rdacontent |
||
| 337 |
_2rdamedia _asin mediación _bn |
||
| 338 |
_2rdacarrier _avolumen _bnc |
||